| 000 | 00363nam a2200145Ia 4500 | ||
|---|---|---|---|
| 008 | 200103s9999||||xx |||||||||||||| ||und|| | ||
| 040 | _aIMU-MPC | ||
| 082 | _aColumn-50 | ||
| 100 | _aLane, Leonard C. | ||
| 245 | 0 | _aElementary Industrial Electronics | |
| 250 | _aVol. 2 | ||
| 260 |
_bJohn F. Rider Publisher, Inc., New York _c1962 |
||
| 300 | _a156 | ||
| 942 | _cBK | ||
| 999 |
_c9783 _d9783 |
||